000 00750nam a22002177a 4500
003 UA-OsUOA
001 63627
007 ta
008 20091012b un ||||| |||| 00| 0 ukr d
090 _a311.313(477.81)
_bР58
942 _cBK
040 _aUA-OsUOA
_bukr
_cUA-OsUOA
_dUA-OsUOA
245 _aРобота каналізаційної мережі області у 2008 році (окремої каналізаційної мережі)
_bСтатистичний бюлетень
_cПетрищева О. М.
300 _a25 с.
955 _a2
041 _aukr
080 _a311.313(477.81)
260 _aРівне
_c2009
650 7 _a311 Статистика як наука. Теорія статистики
_2UDC
999 _c349623
_d349623